| 000 | 00638nam a2200217 a 4500 | ||
|---|---|---|---|
| 005 | 20250116063828.0 | ||
| 008 | 991125s1978 es 000 0 spa u | ||
| 020 | _a8472220125 | ||
| 035 | _aUPN01000011097 | ||
| 049 | _aCG | ||
| 050 | 4 |
_aLB775 F76 _bF7.28 1978 |
|
| 100 | 1 |
_aFreinet, Célestin, _d1896-1966 |
|
| 245 | 1 | 0 |
_aConsejos a los maestros jóvenes / _cCélestin Freinet ; tr. Josep Colomé. |
| 250 | _a3a ed. | ||
| 260 |
_aBarcelona Esp. : _bLaia, _c1978. |
||
| 300 | _a182 p. | ||
| 440 | 0 |
_aBiblioteca de la escuela moderna ; _v16 |
|
| 600 | 1 | 4 |
_aFREINET, CELESTIN, _d1896-1966 |
| 650 | 4 |
_aEducación _9682 |
|
| 905 | _aLibro | ||
| 999 |
_c11097 _d11097 |
||